| Tag |
First Indicator |
Second Indicator |
Subfields |
| LEADER |
00000cam a2200000 a 4500 |
| 001 |
in00000537310 |
| 005 |
20151013163613.0 |
| 008 |
731109s1973 dcu b 00010 engm |
| 010 |
|
|
|a 73175555
|
| 035 |
|
|
|a (OCoLC)00750435
|
| 035 |
|
|
|9 ACG8322AM
|
| 040 |
|
|
|a DLC
|c DLC
|d m.c.
|d TXA
|d UtOrBLW
|
| 049 |
|
|
|a TXAM
|c [1120772]
|
| 050 |
0 |
0 |
|a TD798
|b .C76
|
| 082 |
0 |
|
|a 668.4
|
| 100 |
1 |
|
|a Cross, James Albert,
|d 1943-
|
| 245 |
1 |
4 |
|a The role of plastics in resource recovery /
|c by Midwest Research Institute, Kansas City, Missouri ; James A. Cross, William R. Park.
|
| 264 |
|
1 |
|a Washington :
|b Manufacturing Chemists Association,
|c 1973.
|
| 300 |
|
|
|a iii, 37 pages ;
|c 28 cm.
|
| 336 |
|
|
|a text
|b txt
|2 rdacontent
|
| 337 |
|
|
|a unmediated
|b n
|2 rdamedia
|
| 338 |
|
|
|a volume
|b nc
|2 rdacarrier
|
| 500 |
|
|
|a "May 23, 1973."
|
| 500 |
|
|
|a "A research report..."--title page.
|
| 504 |
|
|
|a Bibliography: pages 35-37.
|
| 650 |
|
0 |
|a Plastic scrap.
|
| 650 |
|
0 |
|a Recycling (Waste, etc.)
|
| 700 |
1 |
|
|a Park, William R.
|
| 710 |
2 |
|
|a Midwest Research Institute (Kansas City, Mo.)
|
| 999 |
|
|
|a MARS
|
| 999 |
f |
f |
|s a09e74cd-b740-3249-befd-b992fa3737a3
|i 8a21c17f-d47b-33c9-931c-9a99cc4391cf
|t 0
|
| 952 |
f |
f |
|p ric
|a Texas A&M University
|b Rellis Campus
|c Joint Library Facility
|d Remote Storage
|t 0
|e TD798 .C76
|h Library of Congress classification
|i unmediated -- volume
|m A14808711979
|
| 998 |
f |
f |
|a TD798 .C76
|t 0
|l Remote Storage
|